Gaming Quiz

Random Gaming Quiz

Crystalis Grab Bag Quiz Stats

 Plays Quiz not verified by Sporcle

Score 0/62 Timer 10:00
0 Plays Today
% Correct
Sword of Fire
100%
Sword of Water
97.7%
Sword of Wind
97.7%
Sword of Thunder
95.3%
Crystalis
93%
Refresh
76.7%
Telepathy
72.1%
Leaf
72.1%
Recover
69.8%
Carapace Shield
65.1%
Psycho Shield
65.1%
Psycho Armor
65.1%
Teleport
65.1%
Change
65.1%
Leather Armor
62.8%
Flight
60.5%
Portoa
60.5%
Zebu
60.5%
Bronze Shield
58.1%
Kensu
58.1%
Stom
58.1%
Joel
55.8%
Fort Shyron
55.8%
Rabbit Boots
53.5%
Barrier
53.5%
Goa
53.5%
Tornel
53.5%
Asina
53.5%
Paralysis
51.2%
Brynmaer
51.2%
Oak
51.2%
% Correct
Amazones
51.2%
Power Ring
48.8%
General Kelbesque
48.8%
Ceramic Suit
46.5%
Battle Armor
46.5%
Sabera
46.5%
Mado
46.5%
Platinum Shield
44.2%
Ceramic Shield
44.2%
Tanned Hide
44.2%
Bronze Armor
44.2%
Gas Mask
44.2%
Mirror Shield
41.9%
Platinum Armor
41.9%
Karmine
41.9%
Battle Shield
37.2%
Leather Boots
37.2%
Sahara
37.2%
Akahana
37.2%
Sacred Shield
34.9%
Shield Ring
34.9%
Iron Necklace
34.9%
Warrior Ring
34.9%
Deo's Necklace
34.9%
Nadare's Inn
34.9%
Nadare
32.6%
Mesia
32.6%
Azteca
30.2%
Swan
25.6%
Soldier Suit
20.9%
Aryllis
4.7%

You're not logged in!

Compare scores with friends on all Sporcle quizzes.
OR
Log In

Show Comments

Extras

Created Oct 19, 2010ReportNominate
Tags:bag, crystal

Top Quizzes Today


Score Distribution

Your Account Isn't Verified!

In order to create a playlist on Sporcle, you need to verify the email address you used during registration. Go to your Sporcle Settings to finish the process.

Report this User

Report this user for behavior that violates our Community Guidelines.

Details: